No hagan olas : segundo pavotario ilustrado, 12 cuentos /
Guardado en:
| Autor Principal: | |
|---|---|
| Otros Autores: | |
| Formato: | Libro |
| Publicado: |
Buenos Aires :
Alfaguara,
1993
|
| Series: | Juvenil
|
| Materias: | |
| Etiquetas: |
Agregar Etiqueta
Sin Etiquetas, Sea el primero en etiquetar este registro!
|
| LEADER | 01085nam a22002775a 4500 | ||
|---|---|---|---|
| 001 | CEM.cems007521 | ||
| 005 | 20100907110032.0 | ||
| 008 | 130507s1993##################000#0#####d | ||
| 003 | CEMS | ||
| 020 | |a 95051114444 | ||
| 082 | 0 | 4 | |a A868.4 |
| 100 | 1 | |a Bornemann, Elsa | |
| 245 | 1 | 0 | |a No hagan olas : |b segundo pavotario ilustrado, 12 cuentos / |c Elsa Bornemann ; ilustraciones de O'kif |
| 260 | |a Buenos Aires : |b Alfaguara, |c 1993 | ||
| 300 | |a 112 p. | ||
| 490 | 0 | |a Juvenil | |
| 500 | |a A partir de 12 años | ||
| 505 | 0 | |a Zapping -- El lado de los tomates -- Siete pelos -- Los cajafuertistas -- Envase descartable -- No hagan olas -- Feliz cumpleaños -- El bidente -- De entrecasa -- Continuará -- Cuento que no lo es -- Cuento capicúa -- Páginas tuyas | |
| 653 | |a Literatura | ||
| 653 | |a Literatura argentina -siglo 20 | ||
| 653 | |a Literatura juvenil | ||
| 653 | |a Cuentos | ||
| 653 | |a Cuento argentino | ||
| 700 | 1 | |a O'kif, il. | |
| 859 | |a CEMS |b BIB. CEMS - 11 de abril |h A868.4 |i B645-4 |p 17564.94 |t Ej.1 | ||
| 859 | |a CEMS |b BIB. CEMS - 11 de abril |h A868.4 |i B645-4 |p 19982.98 |t Ej.2 | ||
